Entusiasmo por la inteligencia (Registro nro. 31469)

Detalles MARC
000 -LEADER
fixed length control field 00304 a2200109 4500
001 - CONTROL NUMBER
control field ART_30497
005 - DATE AND TIME OF LATEST TRANSACTION
control field 20260410162003.0
008 - FIXED-LENGTH DATA ELEMENTS--GENERAL INFORMATION
fixed length control field 260409a
100 1# - MAIN ENTRY--PERSONAL NAME
Personal name Escudero, Miguel
245 10 - TITLE STATEMENT
Title Entusiasmo por la inteligencia
773 0# - HOST ITEM ENTRY
Title Foro político
Related parts - Vol. XIX (abr. 1997)
Record control number REV30389

No hay ítems disponibles.